| 000 | 00814cab a2200241 4500 | ||
|---|---|---|---|
| 001 | ABS43188 | ||
| 008 | 090401t1990 xxu||||| |||| 00| 0 eng d | ||
| 035 | _a(Sirsi) u40704 | ||
| 041 | _aeng | ||
| 100 | _aJotischky, H. | ||
| 245 | _aStandards and the single market | ||
| 260 | _c1990 | ||
| 350 | _a0 | ||
| 490 |
_aJOCCA _v73(8) August 1990, 324-331(4) |
||
| 520 | _aDiscusses Europe an standardisation , the ideas and objectives behind the move to standardisation and its shortcomings. Reference is made to the Construction Products Directive and coatings used in the building industry. | ||
| 650 | _aEUROPEAN COMMITTEE FOR STANDARDISATION | ||
| 650 | _aEUROPEAN STANDARD | ||
| 650 | _aPAINT | ||
| 650 | _aWOOD PRESERVATION | ||
| 690 | _aEUROPE-SINGLE MARKET | ||
| 942 | _n0 | ||
| 948 | _c04/03/1997 | ||
| 999 |
_c26086 _d26086 |
||